Can college plans deliver change? (Record no. 80140)

MARC details
000 -LEADER
fixed length control field 00841cab a22002055a 4500
001 - CONTROL NUMBER
control field L143323
008 - FIXED-LENGTH DATA ELEMENTS--GENERAL INFORMATION
fixed length control field 080425e20080417xxk f 000 0 eng d
035 ## - SYSTEM CONTROL NUMBER
System control number (Sirsi) u143323
041 0# - LANGUAGE CODE
Language code of text/sound track or separate title eng
100 1# - MAIN ENTRY--PERSONAL NAME
Personal name Reisner, Alasdair
245 00 - TITLE STATEMENT
Title Can college plans deliver change?
260 ## - PUBLICATION, DISTRIBUTION, ETC.
Date of publication, distribution, etc. 2008
490 #0 - SERIES STATEMENT
Series statement Construction News
Volume/sequential designation (7064) 17 April 2008, 22-23(2)
520 ## - SUMMARY, ETC.
Summary, etc. Analyses the UK Government's Building Colleges for the Future programme, an education building programme. Explains that under the scheme, 150 colleges are to be upgraded and must have zero-carbon status. Presents table detailing college projects in England, with cost and very brief project description.
590 ## - LOCAL NOTE (RLIN)
Local note KA
650 24 - SUBJECT ADDED ENTRY--TOPICAL TERM
Topical term or geographic name entry element BUILDING COLLEGES FOR THE FUTURE
651 #4 - SUBJECT ADDED ENTRY--GEOGRAPHIC NAME
Geographic name England
Chronological subdivision 886-
690 ## - LOCAL SUBJECT ADDED ENTRY--TOPICAL TERM (OCLC, RLIN)
Topical term or geographic name as entry element BUILT ENVIRONMENT-CONSTRUCTION MARKET
942 ## - ADDED ENTRY ELEMENTS (KOHA)
Suppress in OPAC 0
Holdings
Withdrawn status Lost status Source of classification or shelving scheme Damaged status Not for loan Home library Current library Shelving location Date acquired Total Checkouts Full call number Barcode Date last seen Copy number Price effective from Koha item type
    Dewey Decimal Classification     London London Journal article 25/04/2008   L143323 143323-1001 06/08/2019 1 06/08/2019 Journal article